00703nam a2200133 a 450000100100000000500170001000800410002724503080006826000400037630000200041650500650043670000550050104000130055600003363920200930070415.0110902s1837 es 000 0 spa d00aColección de los Viages y Descubrimientos que hicieron por mar los españoles desde fines del siglo XV con varios documentos inéditos concernientes a la historia de la Marina Castellana y de los establecimientos españoles en Indias /cCoordinada e ilustrada por Martín Fernández de Navarrete. aMadrid :bImprenta Nacional,c1837. a416p. ;c23 cm.0 tv. 4 Expediciones al Maluco: Viage de Magallanes y de Elcano1 aFernández de Navarrete, Martínd1756-1844eed. aDO-SdBNP